[Event "Potiguar-ch"]
[Site "Macaiba"]
[Date "2015.12.13"]
[Round "4.6"]
[White "Feitosa, Jocelenilson Nunes"]
[Black "De Lima Jr, Francisco Biagioni"]
[Result "0-1"]
[WhiteElo "1682"]
[BlackElo "1542"]
[PlyCount "126"]
[EventDate "2015.12.12"]
[EventType "swiss"]
[EventRounds "5"]
[EventCountry "BRA"]
[SourceTitle "EXT 2022"]
[Source "ChessBase"]
[SourceDate "2021.10.06"]
[SourceVersion "1"]
[SourceVersionDate "2021.10.06"]
[SourceQuality "1"]

1. e3 d6 2. c4 Nf6 3. Nc3 c5 4. Nf3 g6 5. d4 Nbd7 6. Bd3 Bg7 7. 0-0 0-0 8. b3 e5 9. Qc2 Qe7 10. Bb2 Re8 11. dxe5 Nxe5 12. Nxe5 dxe5 13. e4 b6 14. Nd5 Nxd5 15. cxd5 Qd6 16. Rad1 Bd7 17. a4 a5 18. Bc1 Rf8 19. f4 f6 20. Rf2 Rf7 21. Rdf1 Raf8 22. Be2 f5 23. fxe5 Bxe5 24. Bh6 Bg7 25. Bxg7 Kxg7 26. e5 Qxd5 27. Bc4 Qc6 28. Bxf7 Rxf7 29. Qb2 Be6 30. Rd1 Rd7 31. Rxd7+ Qxd7 32. Rd2 Qb7 33. Rd6 Kf7 34. Qd2 Qe4 35. Rxb6 Qxe5 36. Qxa5 Qd4+ 37. Kf1 Qd3+ 38. Kf2 Qc2+ 39. Ke1 c4 40. bxc4 Qc1+ 41. Kf2 Qc2+ 42. Ke3 f4+ 43. Kxf4 Qf2+ 44. Ke4 Qxg2+ 45. Kd4 Qf2+ 46. Kd3 Bf5+ 47. Qxf5+ Qxf5+ 48. Kc3 Qa5+ 49. Rb4 Qe5+ 50. Kb3 Qe3+ 51. Kc2 Qe2+ 52. Kc3 Qxh2 53. a5 Qa2 54. Rb7+ Kg8 55. Ra7 h5 56. c5 Qd5 57. Kb4 h4 58. a6 h3 59. Rc7 Qd8 60. a7 h2 61. Rd7 Qa8 62. Kb5 h1Q 63. Rc7 Qhb7+ 0-1

[Event "Potiguar-ch"]
[Site "Macaiba"]
[Date "2015.12.12"]
[Round "3.6"]
[White "Marques, Dayvid Geverson Lop"]
[Black "Feitosa, Jocelenilson Nunes"]
[Result "0-1"]
[WhiteElo "1570"]
[BlackElo "1682"]
[PlyCount "72"]
[EventDate "2015.12.12"]
[EventType "swiss"]
[EventRounds "5"]
[EventCountry "BRA"]
[SourceTitle "EXT 2022"]
[Source "ChessBase"]
[SourceDate "2021.10.06"]
[SourceVersion "1"]
[SourceVersionDate "2021.10.06"]
[SourceQuality "1"]

1. e4 Nc6 2. Nf3 e5 3. Bb5 a6 4. Ba4 Nf6 5. d3 b5 6. Bb3 d6 7. c3 Be7 8. 0-0 Bg4 9. Re1 Na5 10. Bc2 c5 11. a3 Nc6 12. Be3 Qc7 13. b4 Rd8 14. Nbd2 d5 15. Bxc5 Bxc5 16. bxc5 d4 17. c4 Na5 18. cxb5 axb5 19. Qb1 Qxc5 20. Rc1 Rc8 21. Qb2 0-0 22. Bd1 Qd6 23. Qb4 Qxb4 24. axb4 Nc6 25. Rab1 Nd7 26. h3 Be6 27. Ng5 Ba2 28. Rb2 Nxb4 29. Rxc8 Rxc8 30. Kh2 Rc1 31. Bg4 Nxd3 32. Rxa2 Nf8 33. Be2 Rc3 34. Ngf3 Nc1 35. Nb1 Nxa2 36. Nxc3 Nxc3 0-1

[Event "Recife Arraes Memorial 8th"]
[Site "Recife"]
[Date "2015.05.03"]
[Round "5"]
[White "Lima, Luiz Alexandre de S"]
[Black "Feitosa, Jocelenilson Nunes"]
[Result "1-0"]
[WhiteElo "1925"]
[BlackElo "1669"]
[PlyCount "67"]
[EventDate "2015.05.01"]
[EventType "swiss"]
[EventRounds "6"]
[EventCountry "BRA"]
[SourceTitle "EXT 2018"]
[Source "ChessBase"]
[SourceDate "2017.10.13"]
[SourceVersion "1"]
[SourceVersionDate "2017.10.13"]
[SourceQuality "1"]

1. e4 c6 2. d4 d5 3. Nc3 Nf6 4. e5 Nfd7 5. e6 Nf6 6. exf7+ Kxf7 7. Nf3 e6 8. Bd3 Bb4 9. 0-0 Re8 10. Bg5 Kg8 11. Ne5 Bd6 12. Qf3 c5 13. Qh3 cxd4 14. Bxf6 Qxf6 15. Qxh7+ Kf8 16. Ng6+ Kf7 17. Nb5 e5 18. Nxd6+ Qxd6 19. Nh8+ Kf8 20. Ng6+ Kf7 21. Qh5 Kg8 22. Nh8 Bd7 23. Bh7+ Kxh8 24. Bg6+ Kg8 25. Bxe8 Bxe8 26. Qxe8+ Kh7 27. Rad1 a5 28. Rd3 g6 29. Rh3+ Kg7 30. Qh8+ Kf7 31. Rf3+ Ke7 32. Qg7+ Ke8 33. Rf6 Qe7 34. Qg8+ 1-0

[Event "Recife Arraes Memorial 8th"]
[Site "Recife"]
[Date "2015.05.02"]
[Round "4"]
[White "Feitosa, Jocelenilson Nunes"]
[Black "Dos Anjos, Avner Augusto"]
[Result "0-1"]
[WhiteElo "1669"]
[BlackElo "1972"]
[PlyCount "70"]
[EventDate "2015.05.01"]
[EventType "swiss"]
[EventRounds "6"]
[EventCountry "BRA"]
[SourceTitle "EXT 2018"]
[Source "ChessBase"]
[SourceDate "2017.10.13"]
[SourceVersion "1"]
[SourceVersionDate "2017.10.13"]
[SourceQuality "1"]

1. Nf3 Nf6 2. c4 g6 3. Nc3 Bg7 4. e3 c5 5. d4 cxd4 6. Nxd4 Nc6 7. a3 0-0 8. Bd3 Nxd4 9. exd4 d5 10. c5 Bd7 11. 0-0 Re8 12. Re1 b6 13. b4 bxc5 14. dxc5 Ng4 15. Bd2 Bd4 16. Re2 Qb8 17. g3 Ne5 18. Qc2 Bg4 19. Be3 Nf3+ 20. Kg2 Bxc3 21. Qxc3 d4 22. Bxd4 Nxd4 23. Qxd4 Bxe2 24. Bxe2 Qc7 25. h4 e5 26. Qc4 Rad8 27. Rh1 Qc6+ 28. Bf3 e4 29. Be2 Rd2 30. b5 Qf6 31. a4 e3 32. f3 Red8 33. Re1 Qb2 34. Kf1 R8d4 35. Qc1 Rxe2 0-1

[Event "American Continental 10th"]
[Site "Praia da Pipa"]
[Date "2014.10.25"]
[Round "10"]
[White "Feitosa, Jocelenilson Nunes"]
[Black "Ramos, Angelo Bil"]
[Result "0-1"]
[WhiteElo "1731"]
[BlackElo "2093"]
[PlyCount "92"]
[EventDate "2014.10.18"]
[EventType "swiss"]
[EventRounds "11"]
[EventCountry "BRA"]
[SourceTitle "EXT 2015"]
[Source "ChessBase"]
[SourceDate "2014.11.20"]
[SourceVersion "1"]
[SourceVersionDate "2014.11.20"]
[SourceQuality "1"]

1. Nf3 Nf6 2. c4 g6 3. Nc3 d5 4. e3 Bg7 5. Be2 0-0 6. b3 dxc4 7. Bxc4 c5 8. Bb2 Nc6 9. Ne2 Na5 10. d4 Nxc4 11. bxc4 Ne4 12. 0-0 Bg4 13. Nd2 Nxd2 14. Qxd2 cxd4 15. Nxd4 e5 16. Nb3 Qxd2 17. Nxd2 Rfd8 18. Ne4 Bf5 19. Ng3 Be6 20. Rfc1 Rac8 21. Rd1 Bxc4 22. Rxd8+ Rxd8 23. a4 f5 24. h3 Kf7 25. e4 f4 26. Nf1 Rd7 27. f3 Ke6 28. Ba3 Bf6 29. Rc1 Bb3 30. a5 Bd8 31. Bb4 Rd1 32. Rc3 Ba4 33. g3 Bb5 34. Rc5 Rxf1+ 35. Kg2 Ba6 36. Bc3 Bf6 37. gxf4 exf4 38. Bxf6 Kxf6 39. h4 Rb1 40. Rc3 Rb5 41. Ra3 Rb2+ 42. Kg1 Bb5 43. Kh1 a6 44. Kg1 Bc6 45. Ra1 Rb5 46. Kf1 Rh5 0-1

[Event "Potiguar-ch"]
[Site "Natal"]
[Date "2014.08.23"]
[Round "8"]
[White "Macedo, Alexandre Soares"]
[Black "Feitosa, Jocelenilson Nunes"]
[Result "0-1"]
[WhiteElo "1873"]
[BlackElo "1800"]
[PlyCount "70"]
[EventDate "2014.08.15"]
[EventType "swiss"]
[EventRounds "9"]
[EventCountry "BRA"]
[SourceTitle "CBM 162 Extra"]
[Source "ChessBase"]
[SourceDate "2014.10.17"]
[SourceVersion "1"]
[SourceVersionDate "2014.10.17"]
[SourceQuality "1"]

1. Nf3 b6 2. g3 Bb7 3. Bg2 Nf6 4. 0-0 e6 5. b3 d5 6. Bb2 Bd6 7. d3 c5 8. Nbd2 0-0 9. Re1 d4 10. Nf1 Nbd7 11. c4 e5 12. e4 Ne8 13. Bh3 Nc7 14. Bc1 b5 15. Nh4 Nb6 16. Nf5 Bc8 17. Qg4 Bxf5 18. exf5 f6 19. Nd2 a5 20. Ne4 a4 21. Bh6 Rf7 22. Bg2 bxc4 23. bxc4 Rb8 24. a3 Be7 25. Bd2 Nba8 26. Reb1 Rb3 27. Rxb3 axb3 28. Qd1 Qd7 29. Qxb3 Qxf5 30. Qa4 Rf8 31. Rb1 Qc8 32. f4 exf4 33. Bxf4 g5 34. Bd2 Na6 35. Qd1 Qf5 0-1

[Event "Natal Potiguar op 4th"]
[Site "Natal"]
[Date "2014.07.27"]
[Round "5"]
[White "Feitosa, Jocelenilson Nunes"]
[Black "De Araujo, Marco Antonio Sena"]
[Result "1-0"]
[WhiteElo "1800"]
[BlackElo "1391"]
[PlyCount "53"]
[EventDate "2014.07.25"]
[EventType "swiss"]
[EventRounds "5"]
[EventCountry "BRA"]
[SourceTitle "EXT 2015"]
[Source "ChessBase"]
[SourceDate "2014.11.20"]
[SourceVersion "1"]
[SourceVersionDate "2014.11.20"]
[SourceQuality "1"]

1. e3 e6 2. Nf3 d5 3. c4 Nf6 4. cxd5 exd5 5. Nc3 c6 6. a3 Be7 7. b4 0-0 8. Bb2 Ne4 9. Qc2 Nxc3 10. dxc3 Nd7 11. Be2 Nf6 12. Ng5 h6 13. h4 Qd7 14. c4 Qf5 15. Bd3 Qd7 16. 0-0-0 Rd8 17. g4 Qxg4 18. Rdg1 Qd7 19. Nh7 Qe6 20. Qc3 Kh8 21. Rxg7 d4 22. exd4 Kxg7 23. Rg1+ Ng4 24. d5+ Bf6 25. Rxg4+ Qxg4 26. Qxf6+ Kg8 27. Qh8# 1-0

[Event "Natal Potiguar op 4th"]
[Site "Natal"]
[Date "2014.07.27"]
[Round "4"]
[White "Feitosa, Jocelenilson Nunes"]
[Black "Macedo, Alexandre Soares"]
[Result "0-1"]
[WhiteElo "1800"]
[BlackElo "1873"]
[PlyCount "104"]
[EventDate "2014.07.25"]
[EventType "swiss"]
[EventRounds "5"]
[EventCountry "BRA"]
[SourceTitle "EXT 2015"]
[Source "ChessBase"]
[SourceDate "2014.11.20"]
[SourceVersion "1"]
[SourceVersionDate "2014.11.20"]
[SourceQuality "1"]

1. e3 f5 2. d4 Nf6 3. Nf3 e6 4. Be2 b6 5. 0-0 Bb7 6. b3 Bd6 7. Ne5 0-0 8. f4 Nc6 9. Bb2 Ne7 10. c4 c5 11. Bf3 Qc7 12. Nc3 a6 13. h3 Rad8 14. Bxb7 Qxb7 15. Qe1 Ne4 16. Qh4 cxd4 17. exd4 Bxe5 18. fxe5 Ng6 19. Qe1 Nxc3 20. Bxc3 Qc6 21. h4 a5 22. h5 Ne7 23. Qg3 Rf7 24. Rf4 Kh8 25. Raf1 Rg8 26. R1f3 g5 27. hxg6 Nxg6 28. Rxf5 Rxf5 29. Rxf5 Qe4 30. Rg5 Rf8 31. d5 Qb1+ 32. Be1 Qe4 33. Rg4 Qe2 34. Bf2 Rxf2 35. Qxf2 Qxg4 36. Qf6+ Kg8 37. Qd8+ Nf8 38. Qxb6 exd5 39. Qxa5 Qd4+ 40. Kh1 dxc4 41. bxc4 Qxc4 42. a4 Ne6 43. Qa7 Nc5 44. a5 Kg7 45. Qb6 Qc1+ 46. Kh2 Qh6+ 47. Kg3 Qxb6 48. axb6 Kf7 49. Kf4 Ke6 50. g4 h6 51. g5 hxg5+ 52. Kxg5 Kxe5 0-1

[Event "Natal Potiguar op 4th"]
[Site "Natal"]
[Date "2014.07.26"]
[Round "2"]
[White "Oliveira Jr, Antonio Fernandes"]
[Black "Feitosa, Jocelenilson Nunes"]
[Result "1-0"]
[WhiteElo "1848"]
[BlackElo "1800"]
[PlyCount "77"]
[EventDate "2014.07.25"]
[EventType "swiss"]
[EventRounds "5"]
[EventCountry "BRA"]
[SourceTitle "EXT 2015"]
[Source "ChessBase"]
[SourceDate "2014.11.20"]
[SourceVersion "1"]
[SourceVersionDate "2014.11.20"]
[SourceQuality "1"]

1. d4 Nf6 2. c4 c5 3. d5 b5 4. Qc2 e5 5. e4 d6 6. cxb5 Bd7 7. Nc3 Be7 8. Nf3 0-0 9. Be2 Qb6 10. 0-0 Ng4 11. h3 Nh6 12. Bxh6 gxh6 13. Nd2 f5 14. Nc4 Qd8 15. f4 exf4 16. Rxf4 Bg5 17. Rff1 Qf6 18. Bd3 f4 19. Rae1 f3 20. e5 dxe5 21. Rxf3 Qg7 22. Rxf8+ Qxf8 23. Bxh7+ Kh8 24. Be4 Bf4 25. Qf2 Bh2+ 26. Kf1 Qg7 27. g4 Bf4 28. d6 Nc6 29. bxc6 Be6 30. Bd5 Rf8 31. Ke2 Bxg4+ 32. hxg4 Qxg4+ 33. Bf3 Qf5 34. Ne4 h5 35. d7 Qe6 36. Qxc5 Rg8 37. Rd1 Qh3 38. Nf2 Qh4 39. c7 1-0

[Event "Natal Potiguar op 4th"]
[Site "Natal"]
[Date "2014.07.25"]
[Round "1"]
[White "Feitosa, Jocelenilson Nunes"]
[Black "Gomes, Jose Murilo"]
[Result "1/2-1/2"]
[WhiteElo "1800"]
[BlackElo "1856"]
[PlyCount "81"]
[EventDate "2014.07.25"]
[EventType "swiss"]
[EventRounds "5"]
[EventCountry "BRA"]
[SourceTitle "EXT 2015"]
[Source "ChessBase"]
[SourceDate "2014.11.20"]
[SourceVersion "1"]
[SourceVersionDate "2014.11.20"]
[SourceQuality "1"]

1. e3 g6 2. d4 d5 3. c4 Nf6 4. Nc3 c6 5. Bd3 Bg7 6. Nge2 0-0 7. Nf4 dxc4 8. Bxc4 Bf5 9. Bd3 Qd7 10. e4 Be6 11. Nxe6 Qxe6 12. e5 Nd5 13. 0-0 Nd7 14. Be4 N7b6 15. f4 f5 16. Bf3 Qd7 17. Nxd5 Nxd5 18. Qb3 e6 19. Bxd5 cxd5 20. Bd2 Rfc8 21. Bc3 Rc4 22. Rf3 Rac8 23. Qd1 b5 24. Rd3 Qc7 25. Qb3 b4 26. Be1 Bf8 27. h4 a5 28. Qd1 Rc1 29. Rxc1 Qxc1 30. Qxc1 Rxc1 31. Kf2 Rc2+ 32. Rd2 Rxd2+ 33. Bxd2 Kf7 34. Kf3 a4 35. b3 axb3 36. axb3 Kg7 37. g4 Kh6 38. Kg3 Be7 39. Kh3 Kg7 40. Kg3 fxg4 41. Kxg4 1/2-1/2